| 000 | 00629nam a2200217 a 4500 | ||
|---|---|---|---|
| 001 | BRCA_4273 | ||
| 005 | 20190320204617.0 | ||
| 008 | 220610s1908----mx-#######---#000-0#fre-# | ||
| 041 | _afre | ||
| 044 | _amx | ||
| 050 | 4 |
_aHD2811 _b.S63 1 1908 |
|
| 245 | 1 | 0 |
_aLes Societes Anonymes au Mexique _bAnnee I, 1908 _cBanco Central Mexicano. |
| 260 |
_aMéxico _bBouligny & Schmidt _c1908 |
||
| 300 |
_axxiii, p. 336-667 _c23 cm. |
||
| 500 | _aVer también K106 (ed. en español) | ||
| 500 | _aCEF67 | ||
| 650 | 1 | 4 |
_aSociedades anónimas _zMéxico _911008 |
| 710 | 2 |
_aBanco Central Mexicano _911009 |
|
| 902 | _aGFM | ||
| 942 |
_2lcc _cB |
||
| 999 |
_c3984 _d3984 |
||